[Event "Junior Online 4NCL Division 4"]
[Site "online"]
[Date "2021.10.14"]
[EventDate "2021.10.14"]
[Round "5.93"]
[White "Adhikari, Aanya"]
[WhiteElo "1140"]
[WhiteTeam "Crowthorne Juniors"]
[Black "Dane, James"]
[BlackElo "1248"]
[BlackTeam "Desert Penguins Jupiter"]
[Result "1/2-1/2"]
[PlyCount "85"]

1. e4 c5 2. Nf3 d6 3. Nc3 Nc6 4. Bb5 e6 5. d4 cxd4 6. Nxd4 Bd7 7. Nxc6 Bxc6 8. Bd3 Nf6 9. Bg5 Be7 10. O-O O-O 11. Qf3 h6 12. Be3 a6 13. Qg3 Rc8 14. Bxh6 Nh5 15. Qh3 Bg5 16. Qxh5 Bxh6 17. e5 dxe5 18. Qxe5 Re8 19. Rad1 Qg5 20. Qxg5 Bxg5 21. Rfe1 Bf6 22. Re3 Red8 23. Rh3 g6 24. Re3 Bg7 25. Ne2 Ba4 26. b3 Bc6 27. Re1 Rc7 28. Be4 Bb5 29. Rh3 Bxe2 30. g3 Bb5 31. c4 Bc6 32. Bxc6 Rxc6 33. Re4 Rcd6 34. Rf4 Rd1+ 35. Kg2 R1d2 36. Rf3 Rxa2 37. Rh4 Rad2 38. Rhf4 R2d7 39. h4 Be5 40. Re4 Bg7 41. Ref4 Rf8 42. Re4 Rfd8 43. Ref4 1/2-1/2

[Event "Junior Online 4NCL Division 4"]
[Site "online"]
[Date "2021.10.14"]
[EventDate "2021.10.14"]
[Round "5.94"]
[White "Cleanis, Theo"]
[WhiteElo "1151"]
[WhiteTeam "Desert Penguins Jupiter"]
[Black "De Silva, Dylan"]
[BlackElo "962"]
[BlackTeam "Crowthorne Juniors"]
[Result "1-0"]
[PlyCount "55"]

1. d4 d5 2. c4 Nf6 3. Nc3 c6 4. e3 Bf5 5. Nf3 e6 6. Bd3 Bxd3 7. Qxd3 Bd6 8. O-O O-O 9. Bd2 Qb6 10. b3 Na6 11. Rac1 Nb4 12. Qb1 c5 13. dxc5 Bxc5 14. cxd5 Nbxd5 15. Nxd5 Nxd5 16. Ng5 g6 17. Ne4 Be7 18. Nc3 Nxc3 19. Bxc3 Rac8 20. Bd4 Qd6 21. h3 Rxc1 22. Rxc1 Qa6 23. Rd1 Bd6 24. Bf6 Bb8 25. Qb2 Qe2 26. Qxe2 Rc8 27. Qf3 b6 28. Rd8+ 1-0

[Event "Junior Online 4NCL Division 4"]
[Site "online"]
[Date "2021.10.14"]
[EventDate "2021.10.14"]
[Round "5.95"]
[White "Quillaud, Maxime"]
[WhiteElo "1420"]
[WhiteTeam "Desert Penguins Jupiter"]
[Black "Ganeshbabu, Adarsharun"]
[BlackElo "1681"]
[BlackTeam "Crowthorne Juniors"]
[Result "0-1"]
[PlyCount "94"]

1. d4 Nf6 2. c4 g6 3. Nc3 d5 4. Bf4 Bg7 5. e3 O-O 6. cxd5 Nxd5 7. Nxd5 Qxd5 8. Bxc7 Nc6 9. Bg3 e5 10. dxe5 Qa5+ 11. Qd2 Qb6 12. Nf3 Rd8 13. Qc3 Bg4 14. Be2 Rac8 15. Ng1 Nxe5 16. Qb3 Bxe2 17. Nxe2 Nd3+ 18. Kf1 Qxb3 19. axb3 Nxb2 20. Rb1 Rd1+ 21. Rxd1 Nxd1 22. Ke1 Nc3 23. b4 Nxe2 24. Kxe2 Rc2+ 25. Kd3 Rc3+ 26. Ke4 Rb3 27. Bd6 Bf8 28. Bc5 Bxc5 29. bxc5 b6 30. c6 Rc3 31. Kd5 Kf8 32. Kd6 Ke8 33. Ra1 Kd8 34. Rxa7 Rd3+ 35. Ke5 f6+ 36. Kxf6 Rd6+ 37. Kg7 Rxc6 38. Kxh7 Rc2 39. Kxg6 Rxf2 40. Rb7 Rxg2+ 41. Kf6 Rxh2 42. Ke6 Re2 43. Kd6 Kc8 44. Rc7+ Kb8 45. Kc6 Rc2+ 46. Kxb6 Rxc7 47. e4 Re7 0-1

[Event "Junior Online 4NCL Division 4"]
[Site "online"]
[Date "2021.10.14"]
[EventDate "2021.10.14"]
[Round "5.96"]
[White "Pahwa, Aarav"]
[WhiteElo "1200"]
[WhiteTeam "Crowthorne Juniors"]
[Black "Tengayev, Arman"]
[BlackElo "1314"]
[BlackTeam "Desert Penguins Jupiter"]
[Result "0-1"]
[PlyCount "102"]

1. e4 c5 2. Nf3 d6 3. d3 e6 4. Nc3 Nf6 5. Bg5 Be7 6. h4 O-O 7. Bxf6 Bxf6 8. Be2 Nc6 9. Ng5 h6 10. f4 Bxg5 11. hxg5 Ne7 12. gxh6 gxh6 13. Bg4 Kg7 14. Bxe6 Bxe6 15. f5 Bd7 16. Qg4+ Kh7 17. Qh5 Ng8 18. Nd5 Bc6 19. Nf4 Qf6 20. d4 cxd4 21. O-O-O Bxe4 22. g4 Kg7 23. Rh2 Qg5 24. Rdh1 Qxf4+ 25. Kd1 Bxh1 26. Rxh1 Rfe8 27. f6+ Qxf6 28. g5 Qxg5 29. Qf3 Re6 30. Qf2 Qg4+ 31. Kd2 Qe2+ 32. Qxe2 Rxe2+ 33. Kxe2 Kh7 34. Rg1 Nf6 35. Rg3 Re8+ 36. Kf2 Ne4+ 37. Kf3 Nxg3 38. Kxg3 d3 39. cxd3 Re3+ 40. Kf2 Rxd3 41. Ke2 Rd5 42. Ke1 h5 43. Kf1 Rg5 44. Kf2 h4 45. Kf1 h3 46. Ke2 h2 47. Kd3 h1=Q 48. Kc3 Qh4 49. Kc2 Qh3 50. b3 Rg2+ 51. Kb1 Qh1# 0-1

[Event "Junior Online 4NCL Division 4"]
[Site "online"]
[Date "2021.10.14"]
[EventDate "2021.10.14"]
[Round "5.97"]
[White "Dane, James"]
[WhiteElo "1248"]
[WhiteTeam "Desert Penguins Jupiter"]
[Black "Adhikari, Aanya"]
[BlackElo "1140"]
[BlackTeam "Crowthorne Juniors"]
[Result "0-1"]
[PlyCount "116"]

1. d4 d5 2. c4 dxc4 3. e3 Nf6 4. Bxc4 Bf5 5. Nc3 e6 6. Nf3 Nc6 7. O-O Bd6 8. Bd2 O-O 9. Rc1 Nd7 10. a3 a6 11. h3 Qf6 12. b4 b5 13. Ba2 e5 14. dxe5 Ndxe5 15. Nd5 Qg6 16. Nxe5 Nxe5 17. Kh1 Be4 18. Nf4 Qg5 19. Bc3 Nd3 20. Ra1 Nxf4 21. Qg4 Qxg4 22. hxg4 Ne6 23. Kg1 Rad8 24. Rac1 Be7 25. Be5 Bd6 26. Bb2 Ng5 27. Rfd1 Rfe8 28. Rd4 h6 29. Rcd1 Bg6 30. f4 Ne6 31. R4d2 Be4 32. Re2 Rd7 33. f5 Ng5 34. Red2 Bb7 35. Re2 Re4 36. Red2 Rxg4 37. Re2 Nh3+ 38. Kf1 Ng5 39. Red2 Re4 40. f6 gxf6 41. Bxf6 Ne6 42. Bb2 Kf8 43. Rf2 Kg8 44. Bb1 Rh4 45. Bf6 Rh1+ 46. Ke2 Rxd1 47. Kxd1 Bc6 48. Ke2 Bb7 49. Bf5 Bg3 50. Rf1 Rd6 51. Be7 Rd7 52. Bf6 Bd5 53. e4 Bc4+ 54. Kf3 Bxf1 55. Kxg3 Rd3+ 56. Kg4 Bxg2 57. Bxe6 fxe6 58. Bd8 Rxd8 0-1

[Event "Junior Online 4NCL Division 4"]
[Site "online"]
[Date "2021.10.14"]
[EventDate "2021.10.14"]
[Round "5.98"]
[White "De Silva, Dylan"]
[WhiteElo "962"]
[WhiteTeam "Crowthorne Juniors"]
[Black "Cleanis, Theo"]
[BlackElo "1151"]
[BlackTeam "Desert Penguins Jupiter"]
[Result "1/2-1/2"]
[PlyCount "82"]

1. e4 c5 2. Nf3 d6 3. Bc4 e6 4. Nc3 a6 5. a3 Nf6 6. d3 Nbd7 7. O-O Be7 8. Be3 O-O 9. d4 cxd4 10. Nxd4 b5 11. Ba2 Bb7 12. f3 Qc7 13. Bg5 h6 14. Bh4 Rac8 15. Bxe6 fxe6 16. Nxe6 Qb8 17. Nxf8 Rxf8 18. Nd5 Nxd5 19. Bxe7 Nxe7 20. Qd4 Qc8 21. Qxd6 Nc6 22. Rad1 Rd8 23. Qe6+ Kh8 24. Rf2 Nb6 25. Rxd8+ Qxd8 26. Qf7 Bc8 27. Qg6 Nc4 28. Qxc6 Nxb2 29. Rf1 Qd7 30. Qxd7 Bxd7 31. Rb1 Nc4 32. Rd1 Bc6 33. Rd8+ Kh7 34. Rc8 Bb7 35. Rb8 Bc6 36. Rc8 Bb7 37. Rc7 Na5 38. Rd7 Bc8 39. Rc7 Bb7 40. Re7 Kg6 41. Rc7 Kh7 1/2-1/2

[Event "Junior Online 4NCL Division 4"]
[Site "online"]
[Date "2021.10.14"]
[EventDate "2021.10.14"]
[Round "5.101"]
[White "Chung, Vince"]
[WhiteElo "1157"]
[WhiteTeam "Colchester Juniors C"]
[Black "Szajman, Noah"]
[BlackElo "714"]
[BlackTeam "Edgware Gambits K"]
[Result "1-0"]
[PlyCount "65"]

1. e4 c5 2. d4 cxd4 3. c3 dxc3 4. Nxc3 e5 5. Nf3 Nc6 6. Bb5 d6 7. Bxc6+ bxc6 8. O-O Nf6 9. Bg5 Be7 10. Bxf6 Bxf6 11. Qa4 Bd7 12. Rad1 O-O 13. Rxd6 a6 14. Rfd1 Ra7 15. b4 Be7 16. R6d2 f6 17. b5 cxb5 18. Nxb5 Qc8 19. Nxa7 Qc7 20. Rxd7 Qc5 21. Qb3+ Rf7 22. Rd8+ Bxd8 23. Rxd8+ Qf8 24. Rxf8+ Kxf8 25. Qb8+ Ke7 26. Nc6+ Kd7 27. Qb7+ Ke6 28. Qb3+ Kd6 29. Qxf7 Kxc6 30. a4 Kb6 31. Qb3+ Ka5 32. Nd2 g6 33. Nc4# 1-0

[Event "Junior Online 4NCL Division 4"]
[Site "online"]
[Date "2021.10.14"]
[EventDate "2021.10.14"]
[Round "5.102"]
[White "Trim, Xanthe"]
[WhiteElo "775"]
[WhiteTeam "Edgware Gambits K"]
[Black "Kariyawasam, Alexander"]
[BlackElo "1114"]
[BlackTeam "Colchester Juniors C"]
[Result "0-1"]
[PlyCount "46"]

1. d4 d5 2. e3 Bf5 3. c3 Nc6 4. Bb5 Bd7 5. Nf3 Nf6 6. O-O a6 7. Ba4 b5 8. Bb3 Na5 9. Na3 Nxb3 10. axb3 e6 11. e4 Nxe4 12. Bg5 Nxg5 13. Nxg5 Qxg5 14. Nxb5 Bxb5 15. c4 dxc4 16. bxc4 Bxc4 17. Qc2 Bxf1 18. Kxf1 Bd6 19. Qc6+ Kf8 20. Qxa8+ Ke7 21. Qxh8 Qb5+ 22. Kg1 Qxb2 23. Rxa6 Qb1# 0-1

[Event "Junior Online 4NCL Division 4"]
[Site "online"]
[Date "2021.10.14"]
[EventDate "2021.10.14"]
[Round "5.103"]
[White "He, Kingsley"]
[WhiteElo "934"]
[WhiteTeam "Colchester Juniors C"]
[Black "Iyer, Pranav"]
[BlackElo "700"]
[BlackTeam "Edgware Gambits K"]
[Result "0-1"]
[PlyCount "76"]

1. e4 e5 2. Nf3 Nc6 3. Bc4 Bc5 4. c3 Nf6 5. d3 h6 6. Nbd2 O-O 7. O-O d6 8. b4 Bb6 9. Nb3 Bg4 10. h3 Bh5 11. Be3 Re8 12. d4 Qe7 13. a4 a6 14. d5 Nb8 15. b5 a5 16. Bxb6 cxb6 17. Be2 Nbd7 18. Rc1 Rac8 19. c4 Nc5 20. Nxc5 bxc5 21. Qb3 b6 22. Rcd1 Qd7 23. Rfe1 Bg6 24. Bf1 Bxe4 25. Bd3 Bxd3 26. Qxd3 Re7 27. Nd2 g6 28. Nb1 e4 29. Qe3 Qf5 30. Qd2 Rce8 31. Qxh6 Nh7 32. Nc3 f6 33. g4 Qd7 34. Qxg6+ Rg7 35. Qxf6 Nxf6 36. f4 Nxg4 37. hxg4 Rxg4+ 38. Kh2 Qh7# 0-1

[Event "Junior Online 4NCL Division 4"]
[Site "online"]
[Date "2021.10.14"]
[EventDate "2021.10.14"]
[Round "5.104"]
[White "Iyer, Rishabh"]
[WhiteElo "700"]
[WhiteTeam "Edgware Gambits K"]
[Black "Wilde, Grace"]
[BlackElo "746"]
[BlackTeam "Colchester Juniors C"]
[Result "0-1"]
[PlyCount "52"]

1. e4 e5 2. Nf3 Nc6 3. Bc4 Bc5 4. Nc3 Nf6 5. d3 d6 6. Bg5 h6 7. Bh4 g5 8. Bg3 Bg4 9. O-O Nd4 10. h3 Nxf3+ 11. gxf3 Bxh3 12. Re1 Qd7 13. Bb5 c6 14. Ba4 b5 15. Bb3 a5 16. a3 a4 17. Ba2 O-O 18. d4 Bxd4 19. Ne2 Bc5 20. Rc1 Nh5 21. Bh2 Nf4 22. Nxf4 gxf4 23. b4 Bb6 24. Rb1 Qe7 25. Re2 Qg5+ 26. Kh1 Qg2# 0-1

[Event "Junior Online 4NCL Division 4"]
[Site "online"]
[Date "2021.10.14"]
[EventDate "2021.10.14"]
[Round "5.105"]
[White "Szajman, Noah"]
[WhiteElo "714"]
[WhiteTeam "Edgware Gambits K"]
[Black "Chung, Vince"]
[BlackElo "1157"]
[BlackTeam "Colchester Juniors C"]
[Result "0-1"]
[PlyCount "74"]

1. e4 e5 2. Nf3 Nc6 3. d4 exd4 4. Nxd4 Nxd4 5. Qxd4 c5 6. Qd1 d6 7. Nc3 b6 8. Be2 Nf6 9. Bd2 Bb7 10. Bd3 Be7 11. O-O O-O 12. Qe2 Re8 13. Rfe1 Rc8 14. Rab1 c4 15. Bxc4 a6 16. Bd3 b5 17. b4 Bf8 18. f3 d5 19. a3 dxe4 20. fxe4 Qb6+ 21. Kf1 Qc7 22. Ra1 Qxh2 23. e5 Nh5 24. Rec1 Ng3+ 25. Kf2 Nxe2 26. Bxe2 Rxe5 27. Re1 Qh4+ 28. Kg1 Qd4+ 29. Be3 Qxe3+ 30. Kf1 Qg5 31. Bf3 Bxf3 32. gxf3 Rxe1+ 33. Rxe1 Qf4 34. Kf2 Rxc3 35. Re4 Qxf3+ 36. Ke1 Rxc2 37. Re8 Qh1# 0-1

[Event "Junior Online 4NCL Division 4"]
[Site "online"]
[Date "2021.10.14"]
[EventDate "2021.10.14"]
[Round "5.106"]
[White "Kariyawasam, Alexander"]
[WhiteElo "1114"]
[WhiteTeam "Colchester Juniors C"]
[Black "Trim, Xanthe"]
[BlackElo "775"]
[BlackTeam "Edgware Gambits K"]
[Result "1-0"]
[PlyCount "47"]

1. e4 e5 2. Nf3 Nf6 3. Bc4 Nc6 4. Nc3 Bb4 5. O-O O-O 6. d3 d6 7. h3 Bg4 8. hxg4 Nxg4 9. Bg5 Qc8 10. a3 Bxa3 11. Rxa3 Nxf2 12. Kxf2 Nb4 13. Ra4 Qg4 14. Rxb4 Rae8 15. Rxb7 Qc8 16. Rxa7 Qb8 17. Ra2 Qxb2 18. Rxb2 Ra8 19. Be7 Rfe8 20. Bd5 Rxe7 21. Bxa8 Re8 22. Bc6 Re6 23. Rb8+ Re8 24. Rxe8# 1-0

[Event "Junior Online 4NCL Division 4"]
[Site "online"]
[Date "2021.10.14"]
[EventDate "2021.10.14"]
[Round "5.107"]
[White "Iyer, Pranav"]
[WhiteElo "700"]
[WhiteTeam "Edgware Gambits K"]
[Black "He, Kingsley"]
[BlackElo "934"]
[BlackTeam "Colchester Juniors C"]
[Result "0-1"]
[PlyCount "68"]

1. e4 e5 2. Nf3 Nc6 3. Bc4 Bc5 4. d3 Nf6 5. Bg5 h6 6. Nc3 hxg5 7. Nxg5 Nh5 8. Bxf7+ Kf8 9. Be6 Qxg5 10. g4 Nf4 11. Bf5 d6 12. Rg1 Bxf5 13. exf5 Rxh2 14. Rf1 Ng2+ 15. Ke2 Qxg4+ 16. f3 Nf4+ 17. Ke1 Qg3+ 18. Rf2 Rh1+ 19. Kd2 Qxf2+ 20. Kc1 Rxd1+ 21. Kxd1 Qf1+ 22. Kd2 Qxa1 23. Nd5 Qxa2 24. Nxc7 Bb4+ 25. Ke3 Rc8 26. Nb5 Qxb2 27. c3 Bxc3 28. Nxc3 Qxc3 29. f6 Qd4+ 30. Kd2 gxf6 31. Ke1 Qb2 32. Kf1 Rc7 33. Ke1 Rh7 34. Kf1 Rh1# 0-1

[Event "Junior Online 4NCL Division 4"]
[Site "online"]
[Date "2021.10.14"]
[EventDate "2021.10.14"]
[Round "5.108"]
[White "Wilde, Grace"]
[WhiteElo "746"]
[WhiteTeam "Colchester Juniors C"]
[Black "Iyer, Rishabh"]
[BlackElo "700"]
[BlackTeam "Edgware Gambits K"]
[Result "0-1"]
[PlyCount "58"]

1. e4 e5 2. Nf3 Nc6 3. Nc3 Nf6 4. Bb5 a6 5. Bxc6 dxc6 6. d3 Bc5 7. Nxe5 Be6 8. Bf4 O-O 9. O-O Re8 10. Qf3 Qe7 11. Bg5 h6 12. Bxf6 Qxf6 13. Qxf6 gxf6 14. Nd7 Bxd7 15. Rfe1 Re5 16. Rad1 Rf5 17. exf5 Bxf5 18. d4 Bb6 19. Re3 c5 20. Rg3+ Kf8 21. dxc5 Bxc5 22. Nd5 Rd8 23. c4 Bd6 24. Rf3 Be5 25. Rxf5 Bxb2 26. Rxf6 Bxf6 27. Rb1 Rd6 28. Rxb7 Kg7 29. Nxf6 Rd1# 0-1

[Event "Junior Online 4NCL Division 4"]
[Site "online"]
[Date "2021.10.14"]
[EventDate "2021.10.14"]
[Round "5.112"]
[White "Bryant, Amelie"]
[WhiteElo "1209"]
[WhiteTeam "JHJ Shark Tank 8"]
[Black "Choi, Ethan"]
[BlackElo "927"]
[BlackTeam "Surrey Kings 5"]
[Result "1-0"]
[PlyCount "45"]

1. e4 e5 2. Nf3 Nc6 3. Nc3 d6 4. Bc4 Nf6 5. d3 Bg4 6. Be3 d5 7. Bc5 Bxc5 8. exd5 Nd4 9. Bb5+ c6 10. dxc6 bxc6 11. Bc4 Nxf3+ 12. gxf3 Bxf3 13. Qxf3 Qb6 14. Rg1 Bxf2+ 15. Qxf2 Qxb2 16. Rd1 Qxc3+ 17. Rd2 Qa1+ 18. Ke2 Qc3 19. Rxg7 e4 20. Rxf7 exd3+ 21. cxd3 Ng4 22. Qf5 Nxh2 23. Qd7# 1-0

[Event "Junior Online 4NCL Division 4"]
[Site "online"]
[Date "2021.10.14"]
[EventDate "2021.10.14"]
[Round "5.113"]
[White "Cole, Ted"]
[WhiteElo "850"]
[WhiteTeam "Surrey Kings 5"]
[Black "Stacey, Edward"]
[BlackElo "1255"]
[BlackTeam "JHJ Shark Tank 8"]
[Result "0-1"]
[PlyCount "178"]

1. d4 d5 2. c4 e6 3. e3 Nf6 4. Nc3 c6 5. Nf3 Ne4 6. Bd3 f5 7. O-O g5 8. c5 g4 9. Ne5 Bg7 10. Nxg4 Qg5 11. f3 Nxc3 12. bxc3 fxg4 13. e4 Qh4 14. fxg4 b6 15. exd5 cxd5 16. Re1 Qe7 17. Bf5 Qf7 18. c6 O-O 19. Rf1 exf5 20. gxf5 Nxc6 21. Bf4 Qe8 22. Bd6 Rf7 23. Qh5 Bf8 24. Qg4+ Kh8 25. Be5+ Bg7 26. f6 Bh6 27. Rae1 Qg8 28. Qxg8+ Kxg8 29. Bf4 Bf5 30. Bxh6 Rxf6 31. Bg5 Rf7 32. h3 Bg6 33. Rxf7 Kxf7 34. Rf1+ Kg7 35. Bf6+ Kg8 36. g4 Rf8 37. g5 Na5 38. h4 Nc4 39. Rf3 Nd2 40. Rf2 Ne4 41. Rf1 Nxf6 42. gxf6 Kf7 43. Kg2 Ke6 44. Kg3 Rxf6 45. Re1+ Kf7 46. Kg4 Re6 47. Rf1+ Rf6 48. Rxf6+ Kxf6 49. h5 Be8 50. Kh4 h6 51. Kg4 Ba4 52. Kf4 Bc2 53. Ke3 Bb1 54. a3 Ba2 55. Kd2 a5 56. Kc2 a4 57. Kb2 Bc4 58. Kc2 Kg5 59. Kb2 Kxh5 60. Kc2 Kg4 61. Kd2 Kf3 62. Ke1 Kg2 63. Kd2 h5 64. Ke3 h4 65. Kf4 h3 66. Ke5 h2 67. Kd6 b5 68. Kc5 h1=Q 69. Kb4 Qb1+ 70. Kc5 Qb3 71. Kd6 Qxa3+ 72. Ke5 Qxc3 73. Kf4 Qxd4+ 74. Kf5 Kf3 75. Ke6 Kf4 76. Kd6 Kf5 77. Kc6 Ke6 78. Kc7 Qc5+ 79. Kb7 Qd6 80. Ka7 d4 81. Kb7 Kd5 82. Ka7 Kc5 83. Kb7 Qb6+ 84. Ka8 Qe6 85. Kb7 b4 86. Kc7 Qe7+ 87. Kb8 Qd7 88. Ka8 Kb6 89. Kb8 Qb7# 0-1

[Event "Junior Online 4NCL Division 4"]
[Site "online"]
[Date "2021.10.14"]
[EventDate "2021.10.14"]
[Round "5.114"]
[White "Singh-Raj, Aryan"]
[WhiteElo "1154"]
[WhiteTeam "JHJ Shark Tank 8"]
[Black "Liu, Kieron"]
[BlackElo "262"]
[BlackTeam "Surrey Kings 5"]
[Result "1-0"]
[PlyCount "47"]

1. e4 e5 2. d4 d6 3. d5 Nf6 4. Nc3 Bg4 5. f3 Bh5 6. g4 Bg6 7. Bg5 h6 8. Bh4 Be7 9. Bb5+ c6 10. dxc6 bxc6 11. Bc4 Nbd7 12. Qe2 Nc5 13. O-O-O d5 14. exd5 cxd5 15. Nxd5 Nxd5 16. Rxd5 Qb6 17. Bxe7 Kxe7 18. Qxe5+ Ne6 19. Rb5 Qf2 20. Rb7+ Ke8 21. Bb5+ Kf8 22. Qd6+ Kg8 23. Qd2 Qxf3 24. Nxf3 1-0

[Event "Junior Online 4NCL Division 4"]
[Site "online"]
[Date "2021.10.14"]
[EventDate "2021.10.14"]
[Round "5.116"]
[White "Choi, Ethan"]
[WhiteElo "927"]
[WhiteTeam "Surrey Kings 5"]
[Black "Bryant, Amelie"]
[BlackElo "1209"]
[BlackTeam "JHJ Shark Tank 8"]
[Result "0-1"]
[PlyCount "28"]

1. e4 e5 2. Nf3 Nc6 3. Bc4 Bc5 4. Nxe5 Nxe5 5. b3 Qf6 6. d4 Ng4 7. Qxg4 Bxd4 8. e5 Qxe5+ 9. Be3 Bxa1 10. Nd2 d5 11. Bb5+ c6 12. Bd3 Bxg4 13. Bxh7 Rxh7 14. O-O Qxh2# 0-1

[Event "Junior Online 4NCL Division 4"]
[Site "online"]
[Date "2021.10.14"]
[EventDate "2021.10.14"]
[Round "5.117"]
[White "Stacey, Edward"]
[WhiteElo "1255"]
[WhiteTeam "JHJ Shark Tank 8"]
[Black "Cole, Ted"]
[BlackElo "850"]
[BlackTeam "Surrey Kings 5"]
[Result "1-0"]
[PlyCount "50"]

1. e4 e5 2. Nf3 Nc6 3. Bc4 h6 4. d4 Bb4+ 5. c3 Bd6 6. d5 Na5 7. Nbd2 Nxc4 8. Nxc4 b5 9. Nxd6+ cxd6 10. O-O Nf6 11. Qe2 Ba6 12. b4 Rc8 13. Bd2 O-O 14. Rfe1 Ng4 15. h3 Nf6 16. Qe3 Rc4 17. Qxa7 Nxe4 18. Qxa6 Nxd2 19. Nxd2 Rxc3 20. Nf3 Qb8 21. a4 bxa4 22. Qxa4 Qb7 23. Red1 Ra8 24. Qxa8+ Qxa8 25. Rxa8+ Kh7 1-0

[Event "Junior Online 4NCL Division 4"]
[Site "online"]
[Date "2021.10.14"]
[EventDate "2021.10.14"]
[Round "5.118"]
[White "Liu, Kieron"]
[WhiteElo "262"]
[WhiteTeam "Surrey Kings 5"]
[Black "Singh-Raj, Aryan"]
[BlackElo "1154"]
[BlackTeam "JHJ Shark Tank 8"]
[Result "0-1"]
[PlyCount "62"]

1. e4 e5 2. Nf3 Nc6 3. Bc4 Bc5 4. b4 Bxb4 5. c3 Ba5 6. d4 exd4 7. O-O dxc3 8. Ba3 Qf6 9. Qb3 c2 10. Bb2 cxb1=Q 11. Raxb1 Qd6 12. Rbd1 Qg6 13. Nh4 Qxe4 14. Bxg7 Qxh4 15. Bxh8 f6 16. g3 Nd4 17. gxh4 Nxb3 18. axb3 d6 19. Bxg8 Ke7 20. Rfe1+ Bxe1 21. Rxe1+ Kd7 22. Bxf6 Kc6 23. Rc1+ Kb5 24. Rxc7 Kb6 25. Rxh7 Bf5 26. Rh5 Rxg8+ 27. Bg5 Bg4 28. Rh6 Kc5 29. Be3+ Kc6 30. Bxa7 Be2+ 31. Kh1 Bf3# 0-1

[Event "Junior Online 4NCL Division 4"]
[Site "online"]
[Date "2021.10.14"]
[EventDate "2021.10.14"]
[Round "5.121"]
[White "Johal, Amraya K"]
[WhiteElo "1114"]
[WhiteTeam "Staffordshire Oatcakes"]
[Black "Yarranton, Isaac"]
[BlackElo "1000"]
[BlackTeam "Edgware Gambits H"]
[Result "1/2-1/2"]
[PlyCount "141"]

1. e4 e5 2. Nc3 Nf6 3. Nf3 Nc6 4. Bc4 Nxe4 5. Nxe4 d5 6. Bxd5 Qxd5 7. Nc3 Qa5 8. O-O Bg4 9. h3 Bh5 10. Qe2 O-O-O 11. Re1 Nd4 12. Qe3 Nxc2 13. Qxe5 Qxe5 14. Rxe5 Nxa1 15. Rxh5 Bb4 16. Ne5 Rde8 17. a3 Bxc3 18. dxc3 f6 19. Nf3 g6 20. Ra5 a6 21. Bf4 Nb3 22. Rd5 g5 23. Be3 Rd8 24. Rf5 Rhf8 25. Nd4 Nxd4 26. Bxd4 Rd6 27. Kf1 Kd7 28. Ke2 Ke6 29. Rc5 c6 30. g4 Rd5 31. Rc4 b5 32. Rxc6+ Kd7 33. Rxa6 Re8+ 34. Kf1 f5 35. Ra7+ Ke6 36. Rxh7 fxg4 37. hxg4 Rf8 38. Rh6+ Ke7 39. Rh7+ Rf7 40. Rh3 Rf4 41. f3 b4 42. axb4 Rd6 43. Bc5 Ke6 44. Bxd6 Kxd6 45. Rh6+ Kd5 46. Kf2 Kc4 47. Rh1 Kb3 48. b5 Rf6 49. Rb1 Ka2 50. Rc1 Kxb2 51. Re1 Kxc3 52. Rb1 Kc4 53. b6 Rf8 54. b7 Rb8 55. Ke3 Kc5 56. Ke4 Kc6 57. Kf5 Rf8+ 58. Kxg5 Rg8+ 59. Kf5 Rf8+ 60. Kg5 Rg8+ 61. Kh4 Rh8+ 62. Kg3 Rb8 63. g5 Kc7 64. g6 Rg8 65. Kg4 Rxg6+ 66. Kf5 Rg8 67. f4 Rf8+ 68. Kg5 Rg8+ 69. Kf5 Rf8+ 70. Kg5 Rg8+ 71. Kf5 1/2-1/2

[Event "Junior Online 4NCL Division 4"]
[Site "online"]
[Date "2021.10.14"]
[EventDate "2021.10.14"]
[Round "5.122"]
[White "Iyer, Shrinivas"]
[WhiteElo "1000"]
[WhiteTeam "Edgware Gambits H"]
[Black "Birch, Cade"]
[BlackElo "1100"]
[BlackTeam "Staffordshire Oatcakes"]
[Result "0-1"]
[PlyCount "136"]

1. e4 c5 2. Nf3 Nc6 3. Nc3 e5 4. Bc4 Nf6 5. d3 g6 6. Bg5 Be7 7. O-O O-O 8. Qe2 d6 9. Bb5 Nd4 10. Nxd4 cxd4 11. Bxf6 Bxf6 12. Nd5 Bh4 13. Rad1 Qa5 14. Bc4 Be6 15. b4 Qa4 16. Bb3 Qb5 17. Nc7 Bg4 18. Qxg4 Qc6 19. Nxa8 Rxa8 20. Bd5 Qxc2 21. Qxh4 Rc8 22. Qf6 Rc7 23. Rc1 Qxc1 24. h3 Qh6 25. Qxd6 Rc1 26. Rxc1 Qxc1+ 27. Kh2 Qf4+ 28. g3 Qxf2+ 29. Kh1 Qxg3 30. Qd8+ Kg7 31. Qe7 Kh6 32. Bxf7 Qxh3+ 33. Kg1 Qxd3 34. Bg8 Qxe4 35. Qxh7+ Kg5 36. Bc4 Qe3+ 37. Kh2 Qf2+ 38. Kh3 Qg1 39. Qh4+ Kf5 40. Qg3 Qh1+ 41. Qh2 Qf3+ 42. Qg3 Qd1 43. Bd5 g5 44. Qf3+ Qxf3+ 45. Bxf3 d3 46. Kg3 d2 47. Bh5 g4 48. Bxg4+ Kg5 49. Kh3 e4 50. Kg3 e3 51. Kh3 Kf4 52. Kh4 Ke4 53. Kg3 Kd3 54. Kf4 e2 55. Bxe2+ Kxe2 56. Ke4 d1=Q 57. Kf4 Qd2+ 58. Ke4 Qxb4+ 59. Kd5 Qc3 60. Ke4 Qd2 61. a4 b6 62. a5 bxa5 63. Kf5 Qe3 64. Kg4 Qf2 65. Kg5 Qf3 66. Kh4 Qf5 67. Kg3 Kf1 68. Kh2 Qg4 0-1

[Event "Junior Online 4NCL Division 4"]
[Site "online"]
[Date "2021.10.14"]
[EventDate "2021.10.14"]
[Round "5.123"]
[White "Sohi, Sehej"]
[WhiteElo "984"]
[WhiteTeam "Staffordshire Oatcakes"]
[Black "Subramonian, Ananya"]
[BlackElo "927"]
[BlackTeam "Edgware Gambits H"]
[Result "1-0"]
[PlyCount "55"]

1. e4 e5 2. Nf3 Nc6 3. Bc4 Bc5 4. Nc3 Nf6 5. O-O O-O 6. Nd5 Nxe4 7. d3 Nd6 8. Bg5 Qe8 9. Nxc7 Qe6 10. Bxe6 dxe6 11. Nxa8 Bd7 12. Nc7 Nf5 13. Qd2 Bb4 14. c3 Bc5 15. d4 exd4 16. cxd4 Bb6 17. Nb5 Ba5 18. Qd3 Nb4 19. Qc4 a6 20. Nc3 Nd6 21. Qb3 Bb5 22. Be7 Bc4 23. Qa4 Nb5 24. Bxf8 Bxf1 25. Bxb4 Bxb4 26. Qxb4 Bc4 27. Qxc4 Nxc3 28. Qc8# 1-0

[Event "Junior Online 4NCL Division 4"]
[Site "online"]
[Date "2021.10.14"]
[EventDate "2021.10.14"]
[Round "5.124"]
[White "Kaur, Samara"]
[WhiteElo "900"]
[WhiteTeam "Edgware Gambits H"]
[Black "Birch, Cara"]
[BlackElo "900"]
[BlackTeam "Staffordshire Oatcakes"]
[Result "1-0"]
[PlyCount "103"]

1. e4 d5 2. exd5 Nf6 3. Nc3 e6 4. dxe6 Bxe6 5. Qf3 Nc6 6. Bb5 Bg4 7. Bxc6+ Bd7 8. Qe3+ Be7 9. Bxb7 Rb8 10. Bf3 O-O 11. Nd5 Nxd5 12. Bxd5 c6 13. Be4 Re8 14. Qd3 g6 15. Qg3 Bf5 16. Bxc6 Rf8 17. Nf3 Bb4 18. O-O Bxc2 19. b3 Rc8 20. Bb7 Rc7 21. Ba6 f6 22. Bb2 Bxd2 23. Nd4 Be4 24. Ne6 Qd7 25. Qxc7 Qxe6 26. Bc4 Bd5 27. Bxd5 Qxd5 28. Rfd1 Ba5 29. Qxa7 Ra8 30. Qe3 Qf5 31. Rd4 Bb6 32. Rf4 Bxe3 33. Rxf5 gxf5 34. fxe3 Re8 35. Bxf6 Rxe3 36. Rd1 Re6 37. Rd8+ Kf7 38. Bg5 h6 39. Bh4 Re1+ 40. Bxe1 h5 41. b4 Ke7 42. Bh4+ Kf7 43. b5 Ke6 44. b6 f4 45. b7 Ke5 46. b8=Q+ Ke4 47. Rc8 f3 48. gxf3+ Kxf3 49. Qb4 Ke3 50. Rc3+ Kd2 51. Qb2+ Kd1 52. Rc1# 1-0

[Event "Junior Online 4NCL Division 4"]
[Site "online"]
[Date "2021.10.14"]
[EventDate "2021.10.14"]
[Round "5.125"]
[White "Yarranton, Isaac"]
[WhiteElo "1000"]
[WhiteTeam "Edgware Gambits H"]
[Black "Johal, Amraya K"]
[BlackElo "1114"]
[BlackTeam "Staffordshire Oatcakes"]
[Result "1-0"]
[PlyCount "75"]

1. d4 d5 2. Bf4 Nc6 3. Nc3 Nf6 4. Nb5 e5 5. dxe5 Ne4 6. e6 Bxe6 7. Nxc7+ Ke7 8. Nxa8 Qxa8 9. Nf3 g6 10. Bg5+ f6 11. Bf4 Bg7 12. e3 Re8 13. Bb5 Kf8 14. c4 dxc4 15. Bd6+ Kg8 16. Nd4 Rd8 17. Nxe6 Rxd6 18. Nd4 Nxd4 19. Bxc4+ Kf8 20. exd4 Qd8 21. d5 f5 22. O-O Bxb2 23. Rb1 Be5 24. Rxb7 Qh4 25. g3 Qh6 26. Rb8+ Ke7 27. Rb7+ Kf6 28. Rxa7 f4 29. Qc1 Qh5 30. Qe1 fxg3 31. hxg3 Qg4 32. f3 Bxg3 33. Qxe4 Qh3 34. Rf7+ Kxf7 35. Qe2 Rd7 36. d6+ Kg7 37. Be6 Rxd6 38. Bxh3 1-0